000
00450nam a2200181Ia 4500
008
100917s9999 xx 000 0 und d
082
_b
40563
100
_a
देवधर ज्योत्स्ना
245
_a
गजगे
260
_b
संजय प्रकाशन
_c
1970
300
_a
188
365
_b
7
520
_a
कथा
630
_a
गजगे
650
_a
कथा
730
_a
गजगे
942
_c
BOOK
999
_c
645957
_d
645954